| 000 | 00419pab a2200169 454500 | ||
|---|---|---|---|
| 008 | 180718b1963 xxu||||| |||| 00| 0 eng d | ||
| 100 | _aVasudeva, R.N. | ||
| 245 | _aOrganization & managment: The centre | ||
| 260 | _c1963 | ||
| 300 | _ap.376-383. | ||
| 362 | _aJul-Sep | ||
| 650 | _aManagement | ||
| 650 | _aOrganizations | ||
| 773 | _aIndian Journal of Public Administration | ||
| 908 | _aN | ||
| 909 | _a100389 | ||
| 999 |
_c100388 _d100388 |
||